Novým trénerom repre je Kovalský

Podrobná bibliografia
Médium: Článok
Jazyk:slovenčina
Fyzický popis:Fotogr.
ISSN:1339-6587
Predmet:

MARC

LEADER 00000nab a2200000 ar4500
001 vtls011535341
003 SK-MaSNL
005 20260304173238.0
008 160317c2015 xo wr|p|||||||000 b|slo
038 |a PPPK 
040 |a PPPKCL  |b slo  |c PPPKCL  |e AACR2 
041 0 |a slo 
044 |a xo  |c SK 
080 |a 796.323.2  |2 2011 
080 |a 796.323.2.071.43  |2 2011 
080 |a 796.071.42  |2 2011 
245 0 0 |a Novým trénerom repre je Kovalský  |c [Text a foto] (isa) 
300 |b Fotogr. 
600 1 7 |a Kovalský, Ľuboslav,  |d 1971-  |2 pppkcl  |9 1450122 
610 2 7 |a MŠK Kežmarok.  |b Prezident  |2 pppkcl  |9 1250821 
650 0 7 |a basketbal  |2 pppkcl  |9 3290 
650 0 7 |a tréneri  |2 pppkcl  |9 29581 
650 0 7 |a športoví funkcionári  |2 pppkcl  |9 74480 
651 7 |a Kežmarok (Slovensko)  |2 pppkcl  |9 26808 
773 0 |t Naše novinky : Kežmarok  |g Roč. II, č. 12 (2015), s. 19  |x 1339-6587 
852 |a PPPK  |b KIS3GCP 
999 |c 3002265  |d 3004195